[Event "Mittelfranken-chTB1 1819"]
[Site "Mittelfranken"]
[Date "2019.03.03"]
[Round "6.8"]
[White "Strobel, Norbert"]
[Black "Linkies, Michael"]
[Result "1-0"]
[WhiteElo "1990"]
[BlackElo "1649"]
[PlyCount "83"]
[EventDate "2018.10.14"]
[EventType "team-tourn"]
[EventRounds "9"]
[EventCountry "GER"]
[SourceTitle "EXT 2022"]
[Source "ChessBase"]
[SourceDate "2021.10.06"]
[SourceVersion "1"]
[SourceVersionDate "2021.10.06"]
[SourceQuality "1"]
[WhiteTeam "Fuerth SG"]
[BlackTeam "Lauf SV"]
[WhiteTeamCountry "GER"]
[BlackTeamCountry "GER"]

1. d4 Nf6 2. Nf3 e6 3. e3 b6 4. Bd3 Bb7 5. 0-0 Be7 6. Nbd2 0-0 7. a4 a5 8. c3 d5 9. Ne5 Nbd7 10. f4 Ne4 11. Nxe4 dxe4 12. Bc4 Nf6 13. Bd2 Bd5 14. Be2 Nd7 15. c4 Bb7 16. Bc3 Nxe5 17. fxe5 c5 18. Bg4 Bg5 19. Qe2 Qc7 20. b3 Rad8 21. Rad1 Qe7 22. g3 Qc7 23. Bh3 Bh6 24. Bg2 f6 25. exf6 gxf6 26. Qg4+ Kh8 27. Rde1 Qe7 28. Bxe4 Rg8 29. Qf3 Bxe4 30. Qxe4 Bg7 31. dxc5 f5 32. Bxg7+ Rxg7 33. Qe5 bxc5 34. e4 fxe4 35. Rxe4 Re8 36. Rfe1 Qf8 37. Rf4 Qg8 38. Rf6 Ree7 39. Re3 Qd8 40. Qxc5 Qd1+ 41. Rf1 Qd2 42. Rf8+ 1-0

[Event "Mittelfranken-chTB2b 1112"]
[Site "Germany"]
[Date "2011.10.23"]
[Round "2.7"]
[White "Linkies, Michael"]
[Black "Ross, Sandra"]
[Result "1-0"]
[WhiteElo "1680"]
[BlackElo "1740"]
[PlyCount "97"]
[EventDate "2011.09.25"]
[EventType "team-tourn"]
[EventRounds "9"]
[EventCountry "GER"]
[SourceTitle "EXT 2013"]
[Source "ChessBase"]
[SourceDate "2012.11.22"]
[SourceVersion "1"]
[SourceVersionDate "2012.11.22"]
[SourceQuality "1"]
[WhiteTeam "Lauf II"]
[BlackTeam "Buechenbach/Roth II"]
[WhiteTeamCountry "GER"]
[BlackTeamCountry "GER"]

1. c4 e5 2. Nc3 Nc6 3. d3 d6 4. Nf3 g6 5. e4 Bg7 6. Be3 f5 7. Qb3 Nf6 8. 0-0-0 Ng4 9. h3 Nxe3 10. fxe3 Rb8 11. Be2 a6 12. exf5 gxf5 13. e4 Be6 14. Nd5 b5 15. Qc3 b4 16. Qd2 h5 17. Kb1 Bh6 18. Qc2 a5 19. exf5 Bxf5 20. Rhf1 Rf8 21. b3 Ra8 22. Kb2 Nb8 23. c5 Na6 24. Nd2 Nxc5 25. Bxh5+ Kd7 26. Bg4 Bxg4 27. hxg4 c6 28. d4 exd4 29. Qh7+ Kc8 30. Ne7+ Kb7 31. Nf5+ Ka6 32. Qxh6 Re8 33. Qxd6 Qxd6 34. Nxd6 Re2 35. Kc2 d3+ 36. Kc1 Ne6 37. N6c4 Rg8 38. Rf3 Rxg4 39. Rxd3 Rgxg2 40. Rd6 Kb5 41. Rf1 Nc5 42. Rf5 Rh2 43. Rg6 Rhg2 44. Rxg2 Rxg2 45. Nxa5 Kxa5 46. Rxc5+ Kb6 47. Rc2 Kb5 48. Kb2 c5 49. Ne4 1-0

[Event "Mittelfranken-chTB2b 0910"]
[Site "Mittelfranken"]
[Date "2010.03.14"]
[Round "8.4"]
[White "Linkies, Michael"]
[Black "Korth, Manfred"]
[Result "1/2-1/2"]
[WhiteElo "1726"]
[BlackElo "1762"]
[PlyCount "81"]
[EventDate "2009.10.11"]
[EventType "team-tourn"]
[EventRounds "9"]
[EventCountry "GER"]
[SourceTitle "EXT 2011"]
[Source "ChessBase"]
[SourceDate "2010.11.26"]
[SourceVersion "1"]
[SourceVersionDate "2010.11.26"]
[SourceQuality "1"]
[WhiteTeam "Lauf II"]
[BlackTeam "Heideck/Hilpoltstein"]
[WhiteTeamCountry "GER"]
[BlackTeamCountry "GER"]

1. c4 Nf6 2. Nc3 g6 3. Nf3 Bg7 4. g3 d5 5. Qb3 dxc4 6. Qxc4 0-0 7. Bg2 c6 8. 0-0 Nbd7 9. d3 Nb6 10. Qb3 Be6 11. Qc2 Qc8 12. Bd2 Bh3 13. Ng5 Bxg2 14. Kxg2 h6 15. Nge4 Nbd5 16. Nxf6+ Nxf6 17. Qb3 e5 18. f3 Kh7 19. Ne4 Nd5 20. Rac1 Rd8 21. Nc3 Nxc3 22. Bxc3 Qd7 23. g4 b6 24. Qc4 c5 25. h3 Qe7 26. Qe4 Rf8 27. a3 a5 28. Qc6 Rab8 29. Qd5 Rfd8 30. Qe4 Qe6 31. Qc4 Qd6 32. Qe4 Rf8 33. Rcd1 Rfd8 34. Qc4 f6 35. Qf7 Rd7 36. Qc4 Bf8 37. Qe4 Rbd8 38. a4 Qe6 39. Rc1 Bd6 40. Bd2 Bf8 41. Bc3 1/2-1/2

[Event "Mittelfranken-chTB2b 0910"]
[Site "Mittelfranken"]
[Date "2009.10.11"]
[Round "1.5"]
[White "Riexinger, Andreas"]
[Black "Linkies, Michael"]
[Result "1-0"]
[WhiteElo "1676"]
[BlackElo "1726"]
[PlyCount "55"]
[EventDate "2009.10.11"]
[EventType "team-tourn"]
[EventRounds "9"]
[EventCountry "GER"]
[SourceTitle "EXT 2011"]
[Source "ChessBase"]
[SourceDate "2010.11.26"]
[SourceVersion "1"]
[SourceVersionDate "2010.11.26"]
[SourceQuality "1"]
[WhiteTeam "Postbauer Heng II"]
[BlackTeam "Lauf II"]
[WhiteTeamCountry "GER"]
[BlackTeamCountry "GER"]

1. d4 d5 2. c4 c6 3. Nc3 Nf6 4. Nf3 dxc4 5. e4 Bg4 6. Be3 e6 7. Bxc4 Nbd7 8. a3 Be7 9. 0-0 Nb6 10. Be2 0-0 11. Qc2 Qc7 12. Rfd1 Rfd8 13. Rac1 Rac8 14. e5 Nfd5 15. Ng5 Bxg5 16. Bxg5 Bxe2 17. Qxe2 Nxc3 18. Rxc3 Rd7 19. Qg4 Nd5 20. Rg3 g6 21. Qh4 h5 22. Bc1 Kh7 23. Rg5 f6 24. exf6 Nxf6 25. Rg3 Rf7 26. Qg5 Ne4 27. Qxg6+ Kh8 28. Qxe4 1-0

[Event "Nuremberg Zabo op 07th"]
[Site "Nuremberg"]
[Date "2005.09.23"]
[Round "1"]
[White "Linkies, Michael"]
[Black "Prusikin, Michael"]
[Result "0-1"]
[WhiteElo "1661"]
[BlackElo "2517"]
[PlyCount "50"]
[EventDate "2005.09.23"]
[EventType "swiss"]
[EventRounds "5"]
[EventCountry "GER"]
[SourceTitle "EXT 2012"]
[Source "ChessBase"]
[SourceDate "2011.11.24"]
[SourceVersion "1"]
[SourceVersionDate "2011.11.24"]
[SourceQuality "1"]

1. c4 e5 2. Nc3 Nc6 3. Nf3 f5 4. d3 Nf6 5. Bg5 Bb4 6. a3 Bxc3+ 7. bxc3 0-0 8. e3 h6 9. Bxf6 Qxf6 10. Qb3 d6 11. Nd2 f4 12. e4 Qg6 13. c5+ Kh8 14. cxd6 cxd6 15. Rg1 Rf7 16. Nf3 Be6 17. Qc2 d5 18. Be2 Rc8 19. exd5 Bxd5 20. c4 Bxf3 21. Bxf3 Nd4 22. Qd1 Nxf3+ 23. Qxf3 e4 24. Qxe4 Qf6 25. Kd2 Qb2+ 0-1

[Event "Mittelfranken-chT 0405"]
[Site "Germany"]
[Date "2005.02.27"]
[Round "6.7"]
[White "Fett, Helmut"]
[Black "Linkies, Michael"]
[Result "1/2-1/2"]
[WhiteElo "1788"]
[BlackElo "1669"]
[PlyCount "57"]
[EventDate "2004.10.17"]
[EventType "team"]
[EventRounds "9"]
[EventCountry "GER"]
[SourceTitle "EXT 2007"]
[Source "ChessBase"]
[SourceDate "2006.11.23"]
[SourceVersion "1"]
[SourceVersionDate "2006.11.23"]
[SourceQuality "1"]

1. e4 c6 2. d4 d5 3. e5 Bf5 4. g4 Be4 5. f3 Bg6 6. h4 h5 7. Bd3 Bxd3 8. Qxd3 e6 9. g5 Ne7 10. Ne2 Nf5 11. Nd2 Nd7 12. Nf1 Qb6 13. Ne3 Nxe3 14. Qxe3 g6 15. Qd3 c5 16. c3 cxd4 17. cxd4 Rc8 18. b3 Bb4+ 19. Bd2 Ke7 20. Bxb4+ Qxb4+ 21. Qd2 Qxd2+ 22. Kxd2 Rc6 23. Rhc1 Rhc8 24. Rc3 Nb6 25. Rac1 Rxc3 26. Rxc3 Rxc3 27. Nxc3 a6 28. a4 Kd7 29. Nd1 1/2-1/2

[Event "Mittelfranken-chT 0405"]
[Site "Germany"]
[Date "2005.01.23"]
[Round "5.8"]
[White "Schneider, Peter"]
[Black "Linkies, Michael"]
[Result "1/2-1/2"]
[WhiteElo "1668"]
[BlackElo "1669"]
[PlyCount "56"]
[EventDate "2004.10.17"]
[EventType "team"]
[EventRounds "9"]
[EventCountry "GER"]
[SourceTitle "EXT 2007"]
[Source "ChessBase"]
[SourceDate "2006.11.23"]
[SourceVersion "1"]
[SourceVersionDate "2006.11.23"]
[SourceQuality "1"]

1. Nf3 d5 2. d4 Bf5 3. e3 e6 4. Bd3 Bxd3 5. Qxd3 c6 6. a3 Nf6 7. Nbd2 Nbd7 8. 0-0 Bd6 9. c4 dxc4 10. Nxc4 Qc7 11. Nxd6+ Qxd6 12. Rd1 0-0 13. b4 Rac8 14. Bb2 Qd5 15. Ne5 Rfd8 16. Qe2 Nb6 17. Qc2 Qe4 18. Rd3 Nfd7 19. f3 Qh4 20. Nxd7 Rxd7 21. e4 Qd8 22. a4 Rd6 23. a5 Nd7 24. f4 a6 25. Rh3 h6 26. Qf2 Nf8 27. Rc1 f5 28. exf5 exf5 1/2-1/2